| Tag |
First Indicator |
Second Indicator |
Subfields |
| LEADER |
00000cam a2200000 i 4500 |
| 001 |
in00000477613 |
| 005 |
20151012165237.0 |
| 008 |
770210s1976 utu b 00010 eng |
| 010 |
|
|
|a 77352069
|
| 020 |
|
|
|a 0842514747
|
| 035 |
|
|
|a (OCoLC)02796294
|
| 035 |
|
|
|9 ABZ8447AM
|
| 040 |
|
|
|a DLC
|c DLC
|d TXA
|d UtOrBLW
|
| 049 |
|
|
|a [SCI TECH] TXAM
|c [1360529]
|
| 050 |
0 |
0 |
|a Z6663.Z5
|b G36
|a QP535.Z6
|
| 082 |
0 |
|
|a 016.5741/9214
|
| 100 |
1 |
|
|a Gardner, John William.
|
| 245 |
1 |
0 |
|a Bibliography on zinc in biological systems /
|c compiled by John W. Gardner, Reed M. Izatt, James J. Christensen.
|
| 264 |
|
1 |
|a Provo, Utah :
|b Brigham Young University Press,
|c 1976.
|
| 300 |
|
|
|a ii, 378 pages ;
|c 28 cm.
|
| 336 |
|
|
|a text
|b txt
|2 rdacontent
|
| 337 |
|
|
|a unmediated
|b n
|2 rdamedia
|
| 338 |
|
|
|a volume
|b nc
|2 rdacarrier
|
| 490 |
1 |
|
|a Contribution from the Center for Thermochemical Studies, Brigham Young University ; no. 83
|
| 650 |
|
0 |
|a Zinc in the body
|x Bibliography.
|
| 650 |
|
0 |
|a Zinc
|x Physiological effect
|x Bibliography.
|
| 650 |
|
0 |
|a Zinc
|x Metabolism
|x Bibliography.
|
| 650 |
|
0 |
|a Zinc deficiency diseases
|x Bibliography.
|
| 700 |
1 |
|
|a Izatt, Reed M.,
|d 1926-
|
| 700 |
1 |
|
|a Christensen, James J.,
|d 1931-
|
| 830 |
|
0 |
|a Contribution from the Center for Thermochemical Studies, Brigham Young University, Provo, Utah ;
|v no. 83.
|
| 999 |
|
|
|a MARS
|
| 999 |
f |
f |
|s 4b643825-edb2-3a66-ac6d-a80f0ea0ddb9
|i 15cb2900-48aa-3f9c-aa3d-7b2609370fad
|t 0
|
| 952 |
f |
f |
|p ric
|a Texas A&M University
|b Rellis Campus
|c Joint Library Facility
|d Remote Storage
|t 0
|e Z6663.Z5 G36
|h Library of Congress classification
|i unmediated -- volume
|m A14842734841
|
| 998 |
f |
f |
|a Z6663.Z5 G36
|t 0
|l Remote Storage
|